|
|
|
|
| LEADER |
00000naa2a2200000 4500 |
| 001 |
386275 |
| 005 |
20231101063448.0 |
| 035 |
|
|
|a (RuTPU)RU\TPU\prd\14924
|
| 090 |
|
|
|a 386275
|
| 100 |
|
|
|a 20030609a2003 k y0rusy50 ca
|
| 101 |
0 |
|
|a rus
|
| 102 |
|
|
|a RU
|
| 200 |
1 |
|
|a Восстановление музыкальных сигналов с использованием распознавания образов
|f А. А. Кудинов
|
| 225 |
1 |
|
|a Теория и технологии цифровой обработки звуковой информации
|
| 320 |
|
|
|a Библиогр.: 5 назв.
|
| 461 |
|
1 |
|0 (RuTPU)RU\TPU\prd\1139
|t Наукоемкие технологии
|o научно-технический журнал
|d 2001-
|
| 463 |
|
1 |
|0 (RuTPU)RU\TPU\prd\14826
|t № 3
|v С. 57-63
|d 2003
|
| 610 |
1 |
|
|a музыкальные сигналы
|
| 610 |
1 |
|
|a восстановление
|
| 610 |
1 |
|
|a нелинейные искажения
|
| 610 |
1 |
|
|a помехи
|
| 610 |
1 |
|
|a синтез обертонов
|
| 610 |
1 |
|
|a распознавание образов
|
| 610 |
1 |
|
|a музыкальные фонограммы
|
| 675 |
|
|
|a 681.84.087
|v 3
|
| 700 |
|
1 |
|a Кудинов
|b А. А.
|
| 801 |
|
1 |
|a RU
|b 63413507
|c 20030609
|g PSBO
|
| 942 |
|
|
|c BK
|